| 000 | 01215nam a22003617a 4500 | ||
|---|---|---|---|
| 001 | 1398 | ||
| 005 | 20230823150323.0 | ||
| 008 | 230823b cb ||||| |||| 00| 0 eng d | ||
| 020 | _a9780439639064 (hc.) | ||
| 020 | _a0439639069 (hc.) | ||
| 040 |
_aDLC _cDLC _dBKX _dBTCTA _dBAKER _dYDXCP _dEHH _dVP@ _dDLC _dFISKH _beng |
||
| 050 | 0 | 0 |
_aPZ7.A7379 _bTh 2007 |
| 082 | 0 | 0 |
_a[E] _222 |
| 100 | 1 | _aArnold, Tedd. | |
| 245 | 1 | 0 |
_aThere was an old lady who swallowed Fly Guy / _cTedd Arnold. |
| 260 |
_aNew York : _bScholastic, _c2007. |
||
| 300 |
_a30 pages : _bcolor illustrations ; _c23 cm |
||
| 500 | _a"Cartwheel books." | ||
| 505 | _aF | ||
| 520 | _aAfter accidentally swallowing her grandson's pet fly, Grandma tries to retrieve it by consuming progressively larger animals. | ||
| 521 |
_a370
_bLexile |
||
| 521 |
_aF
_bRaz-Plus |
||
| 650 | 0 |
_aFlies _vJuvenile fiction. |
|
| 650 | 0 |
_aPets _vJuvenile fiction. |
|
| 650 | 0 |
_aGrandmothers _vJuvenile fiction. |
|
| 650 | 1 |
_aFlies _vFiction. |
|
| 650 | 1 |
_aPets _vFiction. |
|
| 650 | 1 |
_aGrandmothers _vFiction. |
|
| 650 | 1 | _aHumorous stories. | |
| 655 | 7 |
_aHumorous fiction. _2gsafd |
|
| 906 |
_a7 _bcbc _corignew _d1 _eecip _f20 _gy-gencatlg |
||
| 942 |
_2ddc _cBK _n0 |
||
| 999 |
_c1398 _d1398 |
||